Normal view
MARC view
Entry Meeting Name
001 - CONTROL NUMBER
- control field: 50677
003 - CONTROL NUMBER IDENTIFIER
- control field: ARRUPE
005 - DATE AND TIME OF LATEST TRANSACTION
- control field: 20211027091950.0
008 - FIXED-LENGTH DATA ELEMENTS
- fixed length control field: 211027|| aca||aabn | a|a d
040 ## - CATALOGING SOURCE
- Original cataloging agency: ARRUPE
- Transcribing agency: ARRUPE
111 ## - HEADING--MEETING NAME
- Meeting name or jurisdiction name as entry element: International Colloquium in the Philosophy of Science
- Date of meeting: (1965 :
- Location of meeting: Bedford College)
670 ## - SOURCE DATA FOUND
- Source citation: Work cat.: (ARRUPE)0: International Colloquium in the Philosophy of Science (1965 : Bedford College), Criticism and the growth of knowledge;, 1970.